000 00491nam a22001697a 4500
003 BD-ChCU
005 20260223092927.0
008 260223b bg ||||| |||| 00| 0 ben d
040 _cBD-ChCU
082 _a562 TAP
100 _aTasch , Paul .
_920490
245 _aPaleobiology of the invertebrates :
_bDate retrieval from the fossil record ./
_cPaul , Tasch.
260 _aNew York :
_bWiley .
_cC 1973
300 _axxv , 946p
650 0 _aInvertebrates .
_920491
942 _2ddc
_cBK
_n0
999 _c111696
_d111696